Statistics for Los Angeles Clippers All-Time Roster

Click here to take the quiz!

General Stats

  • This quiz has been taken 361 times
  • The average score is 6 of 12

Answer Stats

PostPlayer% Correct
PFBlake Griffin
99%
PGChris Paul
99%
BNDeAndre Jordan
89%
CBob McAdoo
73%
BNElton Brand
50%
SGRandy Smith
39%
BNCorey Maggette
29%
SFDanny Manning
29%
BNWorld B. Free
29%
BNChris Kaman
28%
BNNorm Nixon
13%
BNTerry Cummings
10%

Score Distribution

Percentile by Number Answered

Percent of People with Each Score

Your Score History

You have not taken this quiz